Fundamentals of Risk Management Understanding, Evaluating and Implementing Effective Risk Management

Salvato in:
Dettagli Bibliografici
Autore principale: Hopkin, Paul
Natura: Libro
Lingua:inglese
Pubblicazione: New York Kogan Page 2018
Edizione:5th Edition
Soggetti:
Tags: Aggiungi Tag
Nessun Tag, puoi essere il primo ad aggiungerne!!

MARC

LEADER 00000nam a2200000 4500
001 0273136
005 20240221114053.6
020 |a 978-0-7494-8307-4 
020 |a 978-0-7494-8308-1 
041 0 |a eng 
044 |a US 
245 1 0 |a Fundamentals of Risk Management  |b Understanding, Evaluating and Implementing Effective Risk Management  |c Paul Hopkin 
250 |a 5th Edition 
264 1 |a New York  |b Kogan Page  |c 2018 
300 |a 453 s. 
610 2 0 |a podnik 
610 2 0 |a organizácie 
610 2 0 |a prostredie podnikateľské 
610 2 0 |a riziko 
610 2 0 |a riadenie rizík 
610 2 0 |a efektívnosť 
610 2 0 |a implementácia 
100 1 |a Hopkin, Paul